1635 1375 1973 1332 1740 1746 1070 1545 1121 1004 1598 1508 1433 1382 1908 1778 1094 1452 1369 1436 1211 1727 1159 1127 1025 1597 1651 1766 1309 1638 1306 1760 1568 1468 1997 1045 1086 1490 1044 1526 1749 1695 1228 1483 1609 1755 1536 1315 1726 1040 1688 1931 1858 1019 1036 1974 1668 1184 1128 1433 1788 1653 1701 1427 1752 1149 1553 1214 1500 1313 1778 1321 1955 1340 1172 1820 1960 1283 1440 1088 1177 1632 1317 1140 1078 1353 1741 1302 1181 1778 1415 1314 1069 1036 1308 1702 1362 1216 1179 BCNSPRNW ULIB Ver.6.0+V

เปลี่ยนเป็นภาษาไทย

Change to English
 แสดงรายละเอียดบรรณานุกรม
  กลับหน้าหลัก

Brief Record : Get Marc (ISO 2709) : E-mail record : QR code < ปิดหน้าต่าง
LEADER : 00000nam 2200000uu 4500
001    13399114282
003     ULIB
008    120321s||||||||th 000 0 tha d
020    ^a9789741114863
060 04 ^aWA100^bL784 ล.3
100 0  ^aชิษณุ พันธุ์เจริญ
245 00 ^aLive long & strong. ^nเล่ม 3, ^pสูงวัย /^cบรรณาธิการ : ชิษณุ พันธุ์เจริญ,กุลภา ศรีสวัสดิ์,สิรินทร ฉันศิริกาญจน
246 14 ^aLive long & strong. ^nเล่ม 3, ^pสูงวัย :
250    ^aพิมพ์ครั้งที่ 1
260    ^aกรุงเทพฯ :^bศูนย์เสริมพลังสร้างสุขภาพ,^c2554
300    ^a160 หน้า :^bภาพประกอบ ;^c21 ซม.
490 1  ^aคู่มือดูแลสุขภาพกายและใจจาก 3 คณะแพทย์จุฬาฯ รามาฯ ศิริราช
505 0  ^aล.1. ^tวัยเด็ก คู่มือดูแลสุขภาพแรกเกิด-วัยรุ่น -- ล.2.
650  4 ^aสุขภาพ
650  4 ^aการดูแลสุขภาพด้วยตนเอง
650  4 ^aผู้สูงอายุ^xสุขภาพและอนามัย
653    ^aผลงานอาจารย์คณะแพทยศาสตร์ศิริราชพยาบาล
700 0  ^aสิรินทร ฉันศิริกาญจน,^eบรรณาธิการ
700 0  ^aกุลภา ศรีสวัสดิ์,^eบรรณาธิการ
710 2  ^aมหาวิทยาลัยมหิดล. ^bคณะแพทยศาสตร์โรงพยาบาลรามาธิบดี
710 2  ^aมหาวิทยาลัยมหิดล. ^bคณะแพทยศาสตร์ศิริราชพยาบาล
710 2  ^aจุฬาลงกรณ์มหาวิทยาลัย. ^bคณะแพทยศาสตร์
830  0 ^aคู่มือดูแลสุขภาพกายและใจจาก 3 คณะแพทย์จุฬาฯ รามาฯ ศิริราช
945    ^p150^l0^i031322
945    ^p150^l0^i031323
945    ^p150^l0^i031324
995    ^aทศพร
999 ^a ทศพร
รายการนี้ยังไม่มีแท็ก
คุณยังไม่ได้ล็อกอิน คุณสามารถมีกิจกรรมร่วมกับเว็บไซต์ได้ แต่ต้องล็อกอินก่อน ::
  ล็อกอิน

รายการสื่อสารสนเทศ

ลำดับที่ ประเภท เลขเรียก/บาร์โค้ด สถานที่ สถานะ
1. วิทยาศาสตร์การแพทย์ และสุขภาพ
หนังสือสำรอง
สถานะ=หนังสือสำรอง
WA100 L784 ล.3 ฉ.1 
  Barcode: 031322
ห้องสมุดวิทยาเขตสวรรค์ประชารักษ์
►ส่วนจัดเก็บหนังสือเก่า สปร
บนชั้น
  ขอยืม
2. วิทยาศาสตร์การแพทย์ และสุขภาพ
วิทยาศาสตร์การแพทย์ และสุขภาพ
WA100 L784 ล.3 ฉ.2 
  Barcode: 031323
ห้องสมุดวิทยาเขตสวรรค์ประชารักษ์
►ส่วนจัดเก็บหนังสือเก่า สปร
บนชั้น
  ขอยืม
3. วิทยาศาสตร์การแพทย์ และสุขภาพ
วิทยาศาสตร์การแพทย์ และสุขภาพ
WA100 L784 ล.3 ฉ.3 
  Barcode: 031324
ห้องสมุดวิทยาเขตสวรรค์ประชารักษ์
►ส่วนจัดเก็บหนังสือเก่า สปร
บนชั้น
  ขอยืม

รายการใกล้เคียง
    ผู้แต่ง [ชิษณุ พันธุ์เจริญ]

    หัวเรื่อง [สุขภาพ]
    หัวเรื่อง [การดูแลสุขภาพด้วยตนเอง]

BibComment


ยังไม่เคยถูกคอมเมนท์

คอมเมนท์ทรัพยากรรายการนี้
  คอมเมนท์: Live long stron..


 Copyright 2026. Bcnsprnw @Library